000 00398cam a2200157ua 4500
003 OSt
008 250423b |||||||| |||| 00| 0 eng d
082 _a624.1517
_bKAN/SU
100 _aKanetkar, T P .
_91395
245 _aSurveying and levelling /
250 _a22 /
260 _aPune :
_bA.V Griha Publication ,
_c1967.
300 _a624 ; .
700 1 _aKulkarni, S V .
_91396
942 _cBK
999 _c2480
_d2480